000 00702nam a2200289Ia 4500
005 20260324120517.0
008 008 260324s9999 xx 000 0 eng d
020 _a9781003238218
037 _aEBOOK
040 _aCRL
040 _beng
040 _cCRL
041 _2eng
041 _aeng
084 _qCRL
100 _aBronwyn MacFarlane
_91158857
245 0 _aSTEM Education for High-Ability Learners
245 0 _bDesigning and Implementing Programming
260 _bTaylor and Francis
260 _c2015
365 _a
365 _b145
856 _uhttp://www.taylorfrancis.com/books/9781003238218
942 _cEBOOK
999 _c1750429
_d1750429